000 00401pab a2200169 454500
008 180718b2007 xxu||||| |||| 00| 0 eng d
100 _aRoy, M.N.
245 _aBest practice: Shishu Shiksha Karmasuchi
260 _c2007
300 _ap.89-99.
362 _aJul-Sep
650 _aEducation
650 _aPrimary education
773 _aManagement in Government
908 _aN
909 _a76516
999 _c76516
_d76516